[Event "4. Aberto Internacional Carlos I"]
[Site "Sanxenxo ESP"]
[Date "2012.06.25"]
[Round "3.8"]
[White "Sanchez Aller, Fernando"]
[Black "Cardenas Serrano, Sergio"]
[Result "1-0"]
[WhiteElo "2298"]
[BlackElo "2124"]
[PlyCount "45"]
[EventDate "2012.06.23"]
[EventType "swiss"]
[EventRounds "9"]
[EventCountry "ESP"]
[SourceTitle "Ajedrez en Madrid"]
[Source "lmi"]
[SourceDate "2012.06.23"]

1. e4 c5 2. Nc3 e6 3. Nf3 a6 4. d4 cxd4 5. Nxd4 Qc7 6. g3 Bb4 7. Bd2 Nc6 8. Nb3
Be7 9. Bg2 b5 10. O-O Bb7 11. Nd5 exd5 12. exd5 Ne5 13. Bc3 f6 14. Re1 d6 15.
Nd4 Bc8 16. a4 bxa4 17. Rxa4 Bd7 18. Nc6 Nxc6 19. dxc6 Bf5 20. Ba5 Qa7 21. Qxd6
Kf7 22. Qd5+ Kg6 23. g4 1-0

[Event "4. Aberto Internacional Carlos I"]
[Site "Sanxenxo ESP"]
[Date "2012.06.25"]
[Round "3.9"]
[White "Abella Vazquez, Cesar"]
[Black "De La Villa Garcia, Jesus Maria"]
[Result "0-1"]
[WhiteElo "2090"]
[BlackElo "2478"]
[PlyCount "76"]
[EventDate "2012.06.23"]
[EventType "swiss"]
[EventRounds "9"]
[EventCountry "ESP"]
[SourceTitle "Ajedrez en Madrid"]
[Source "lmi"]
[SourceDate "2012.06.23"]

1. e4 c5 2. Nf3 g6 3. d4 Bg7 4. Nc3 cxd4 5. Nxd4 Nc6 6. Nde2 b6 7. g3 Ba6 8.
Bg2 Rc8 9. h3 d6 10. O-O Bxc3 11. bxc3 Nf6 12. Bh6 Ne5 13. Re1 Nfd7 14. Nd4 Qc7
15. f4 Nc4 16. Qg4 Qc5 17. Kh2 Qh5 18. Qxh5 gxh5 19. e5 dxe5 20. fxe5 e6 21.
Bf3 h4 22. gxh4 Ncxe5 23. Bh5 Rxc3 24. Bg7 Rg8 25. Bxe5 Bb7 26. Bg4 h5 27. Nb5
Rxc2+ 28. Kg3 Nxe5 29. Rxe5 hxg4 30. Nd6+ Ke7 31. Nxb7 Rc3+ 32. Kf4 gxh3 33.
Rd1 f5 34. Re3 Rg4+ 35. Kf3 Rxe3+ 36. Kxe3 h2 37. Kf2 Rxh4 38. Kg2 h1=Q+ 0-1

[Event "4. Aberto Internacional Carlos I"]
[Site "Sanxenxo ESP"]
[Date "2012.06.25"]
[Round "3.10"]
[White "Recuero Guerra, David"]
[Black "Medarde Santiago, Luis Marcos"]
[Result "1/2-1/2"]
[WhiteElo "2467"]
[BlackElo "2009"]
[PlyCount "186"]
[EventDate "2012.06.23"]
[EventType "swiss"]
[EventRounds "9"]
[EventCountry "ESP"]
[SourceTitle "Ajedrez en Madrid"]
[Source "lmi"]
[SourceDate "2012.06.23"]

1. d4 Nf6 2. c4 e6 3. g3 d5 4. Nf3 Be7 5. Bg2 O-O 6. Qc2 dxc4 7. Qxc4 Nbd7 8.
O-O a6 9. Qc2 c5 10. Nc3 cxd4 11. Nxd4 Nc5 12. Nf3 Qc7 13. Bf4 Bd6 14. Bxd6
Qxd6 15. Rfd1 Qe7 16. Rac1 Rb8 17. e4 b5 18. e5 Nfd7 19. b4 Na4 20. Nxa4 bxa4
21. a3 Nb6 22. Nd4 Bb7 23. Qc5 Qxc5 24. bxc5 Bxg2 25. Kxg2 Nd5 26. Rd2 g5 27.
Rc4 Rfc8 28. Rdc2 Ne7 29. Rxa4 Ng6 30. Nf3 Rb5 31. Nxg5 a5 32. f4 Rbxc5 33.
Rxc5 Rxc5 34. Ne4 Rb5 35. Nd6 Rc5 36. Nb7 Rc2+ 37. Kh3 h5 38. Nxa5 Rc3 39. Nb7
Kg7 40. Nd6 Rd3 41. Ne8+ Kh6 42. Nf6 Rb3 43. Ne8 Rd3 44. Nc7 Rb3 45. Na6 Rc3
46. Nb8 Rd3 47. Nc6 Rc3 48. Nd8 Kg7 49. Ra7 Nxf4+ 50. Kh4 Ng6+ 51. Kxh5 Nxe5
52. Nxe6+ Kf6 53. Ng5 Rc8 54. Ra6+ Kg7 55. Ne4 Rh8+ 56. Kg5 Rxh2 57. Nd6 Nf3+
58. Kf4 Nd4 59. Ra7 Ne6+ 60. Ke3 Ng5 61. a4 Kg6 62. Ra8 Ra2 63. Nc4 Rc2 64. Rc8
Rc3+ 65. Kf4 Nh3+ 66. Ke5 Ng5 67. a5 f6+ 68. Kd5 Rd3+ 69. Kc6 Rc3 70. Kb7 Rb3+
71. Nb6 Ne4 72. Rc6 Rb5 73. Ka6 Rb3 74. g4 Kg5 75. Rc4 Nd6 76. Rd4 Nf7 77. Kb7
Ne5 78. a6 Rh3 79. Nd7 Nxd7 80. Rxd7 Rb3+ 81. Kc6 Kxg4 82. Rg7+ Kf4 83. a7 Ra3
84. Kb7 f5 85. Rg6 Rxa7+ 86. Kxa7 Ke3 87. Re6+ Kd3 88. Rf6 Ke4 89. Kb6 f4 90.
Kc5 f3 91. Kc4 Ke3 92. Re6+ Kd2 93. Rf6 Ke2 1/2-1/2

[Event "4. Aberto Internacional Carlos I"]
[Site "Sanxenxo ESP"]
[Date "2012.06.26"]
[Round "4.1"]
[White "Lariño Nieto, David"]
[Black "Sanchez Aller, Fernando"]
[Result "0-1"]
[WhiteElo "2469"]
[BlackElo "2298"]
[PlyCount "106"]
[EventDate "2012.06.23"]
[EventType "swiss"]
[EventRounds "9"]
[EventCountry "ESP"]
[SourceTitle "Ajedrez en Madrid"]
[Source "lmi"]
[SourceDate "2012.06.23"]

1. b3 e5 2. Bb2 Nc6 3. e3 Nf6 4. Bb5 Bd6 5. Bxc6 dxc6 6. d3 O-O 7. Nd2 Nd5 8.
Ngf3 Re8 9. e4 Nf4 10. g3 Nh3 11. Nh4 Qg5 12. Qe2 a5 13. a4 b5 14. Bc3 Bb4 15.
Bxb4 axb4 16. Ng2 Be6 17. Qe3 Qxe3+ 18. Nxe3 Ra7 19. Ke2 Rea8 20. Nf3 f6 21. d4
bxa4 22. Rxa4 Rxa4 23. bxa4 Rxa4 24. dxe5 c5 25. exf6 gxf6 26. Nd2 Ra2 27. Rb1
Ng5 28. f4 Nf7 29. Kf3 Nd6 30. f5 Bf7 31. Kf4 Nb5 32. Nf3 Nc3 33. Re1 c4 34. e5
fxe5+ 35. Kxe5 b3 36. cxb3 cxb3 37. Kd4 Nb5+ 38. Ke5 Rf2 39. Ng5 b2 40. Kf6 Nc3
41. Ng4 Re2 42. Nh6+ Kf8 43. Nxh7+ Ke8 44. Rf1 Ba2 45. h4 b1=Q 46. Rxb1 Bxb1
47. g4 c5 48. Kg7 Re7+ 49. Kh8 Nd5 50. g5 c4 51. g6 c3 52. h5 c2 53. f6 Rxh7+
0-1

[Event "4. Aberto Internacional Carlos I"]
[Site "Sanxenxo ESP"]
[Date "2012.06.26"]
[Round "4.2"]
[White "Fernandez Garcia, Jose Luis"]
[Black "Patiño Romaris, Juan Roberto"]
[Result "1-0"]
[WhiteElo "2419"]
[BlackElo "2185"]
[PlyCount "119"]
[EventDate "2012.06.23"]
[EventType "swiss"]
[EventRounds "9"]
[EventCountry "ESP"]
[SourceTitle "Ajedrez en Madrid"]
[Source "lmi"]
[SourceDate "2012.06.23"]

1. e4 e6 2. d4 d5 3. Nc3 Bb4 4. e5 c5 5. Nf3 Ne7 6. dxc5 a6 7. Be3 Nd7 8. Bd3
Bxc5 9. Bxc5 Nxc5 10. O-O Qc7 11. Re1 Nc6 12. a3 h6 13. Qe2 Nd7 14. Na2 O-O 15.
Nb4 a5 16. Na2 b6 17. Nc3 Bb7 18. Nb5 Qd8 19. c3 Ba6 20. a4 Re8 21. Rad1 Nc5
22. Bc2 Bxb5 23. axb5 Ne7 24. Nd4 Qc7 25. Ra1 Rec8 26. Ra3 Rd8 27. h4 Re8 28.
Qg4 Kh8 29. h5 Rac8 30. Re3 Rg8 31. Qe2 Rge8 32. Ra1 Rcd8 33. Re1 Rc8 34. Bb1
Nd7 35. Rf3 Kg8 36. Rg3 Kh8 37. Qd3 Nf8 38. Qf3 Ng8 39. Qd3 f5 40. f4 Qf7 41.
Rh3 Ne7 42. Rf1 Rc4 43. Qd1 Rec8 44. Bd3 R4c7 45. g4 Rc5 46. Rg3 R8c7 47. Nb3
fxg4 48. Nxc5 bxc5 49. Qxg4 c4 50. Bc2 Nf5 51. Bxf5 exf5 52. Qd1 Rc5 53. Qa4
Ne6 54. b6 Kh7 55. Rg6 Nf8 56. e6 Qe7 57. Rf2 Nxg6 58. hxg6+ Kxg6 59. Qd7 Kf6
60. b7 1-0

[Event "4. Aberto Internacional Carlos I"]
[Site "Sanxenxo ESP"]
[Date "2012.06.26"]
[Round "4.3"]
[White "Paunovic, Dragan"]
[Black "Pinho, Paulo"]
[Result "1-0"]
[WhiteElo "2521"]
[BlackElo "2145"]
[PlyCount "57"]
[EventDate "2012.06.23"]
[EventType "swiss"]
[EventRounds "9"]
[EventCountry "ESP"]
[SourceTitle "Ajedrez en Madrid"]
[Source "lmi"]
[SourceDate "2012.06.23"]

1. c4 c5 2. g3 Nc6 3. Bg2 g6 4. Nc3 Bg7 5. Nf3 e5 6. a3 Nge7 7. O-O O-O 8. Rb1
a5 9. Ne1 d6 10. Nc2 Be6 11. Ne3 Rb8 12. Ned5 Qd7 13. Qa4 Kh8 14. d3 b5 15.
cxb5 Nxd5 16. bxc6 Nxc3 17. bxc3 Qc7 18. Bd2 c4 19. dxc4 Bf5 20. Rb7 Rxb7 21.
cxb7 e4 22. c5 Qxb7 23. cxd6 Qd5 24. Bf4 Bxc3 25. Rd1 Qb7 26. d7 Rd8 27. Qc4
Bg7 28. Qxf7 Qc6 29. Bg5 1-0

[Event "4. Aberto Internacional Carlos I"]
[Site "Sanxenxo ESP"]
[Date "2012.06.26"]
[Round "4.4"]
[White "De La Villa Garcia, Jesus Maria"]
[Black "Meneses Gonzalez, Kevin Moises"]
[Result "1-0"]
[WhiteElo "2478"]
[BlackElo "2264"]
[PlyCount "111"]
[EventDate "2012.06.23"]
[EventType "swiss"]
[EventRounds "9"]
[EventCountry "ESP"]
[SourceTitle "Ajedrez en Madrid"]
[Source "lmi"]
[SourceDate "2012.06.23"]

1. e4 c5 2. Nf3 d6 3. d4 cxd4 4. Nxd4 Nf6 5. Nc3 Nc6 6. Bg5 e6 7. Qd2 Be7 8.
O-O-O Nxd4 9. Qxd4 O-O 10. f3 a6 11. h4 b5 12. Kb1 Bb7 13. Qd2 Rc8 14. a3 Re8
15. Bd3 Nd7 16. Bxe7 Qxe7 17. Qg5 Ne5 18. Qxe7 Rxe7 19. Be2 Rd7 20. Rd4 Kf8 21.
Rhd1 Ke7 22. f4 Nc6 23. R4d2 Na5 24. Rd4 Nc6 25. R4d3 Na5 26. Ka2 Nc4 27. b3
Nb6 28. Kb2 Rdc7 29. Bf3 d5 30. exd5 Nxd5 31. Bxd5 Bxd5 32. Nxd5+ exd5 33. R1d2
Ke6 34. g4 g6 35. Re3+ Kd6 36. Re5 Rc5 37. b4 Rc4 38. Rdxd5+ Kc6 39. Rc5+ Kd6
40. Red5+ Ke7 41. Rxc8 Rxc8 42. Rc5 Rd8 43. Rc7+ Ke6 44. Rc6+ Kd5 45. Rxa6 f5
46. gxf5 gxf5 47. a4 bxa4 48. Rxa4 Kc4 49. Ra5 Kxb4 50. Rxf5 Rd2 51. Rf7 Rf2
52. h5 h6 53. Rf6 Kc4 54. Rxh6 Rxf4 55. Rh8 Rh4 56. h6 1-0

[Event "4. Aberto Internacional Carlos I"]
[Site "Sanxenxo ESP"]
[Date "2012.06.26"]
[Round "4.5"]
[White "Arribas Lopez, Angel"]
[Black "Garcia Brion, Eduardo"]
[Result "1-0"]
[WhiteElo "2463"]
[BlackElo "2191"]
[PlyCount "117"]
[EventDate "2012.06.23"]
[EventType "swiss"]
[EventRounds "9"]
[EventCountry "ESP"]
[SourceTitle "Ajedrez en Madrid"]
[Source "lmi"]
[SourceDate "2012.06.23"]

1. c4 e5 2. g3 Nc6 3. Bg2 g6 4. d3 Bg7 5. Nf3 Nge7 6. Nc3 d6 7. Rb1 a5 8. a3
Rb8 9. b4 axb4 10. axb4 b6 11. h4 h6 12. h5 g5 13. b5 Na5 14. Nd2 Be6 15. Qc2
O-O 16. Ba3 f5 17. Bb4 Nb7 18. Ra1 Nc5 19. Ra7 f4 20. Nd5 Nxd5 21. Bxd5 Bxd5
22. cxd5 fxg3 23. fxg3 Qd7 24. Bxc5 bxc5 25. Qc4 e4 26. Qxe4 Rxb5 27. Qg6 Qf7
28. Qxf7+ Rxf7 29. Rf1 Re7 30. Ra3 Rb2 31. Rf3 Bd4 32. Ne4 c4 33. Ra4 c3 34.
Kd1 g4 35. Rxd4 gxf3 36. exf3 Kf7 37. Rc4 Rh2 38. g4 c2+ 39. Rxc2 Rxc2 40. Kxc2
Re5 41. Kd2 Rxd5 42. Ke3 Ra5 43. f4 Ra1 44. Ng3 Kg7 45. g5 hxg5 46. fxg5 Ra5
47. Kf4 Ra4+ 48. Kf5 Ra5+ 49. Kf4 Ra4+ 50. Kf3 Ra5 51. Kg4 Ra4+ 52. Kf3 Ra5 53.
g6 Kf6 54. Ne4+ Kg7 55. Kg4 Rd5 56. Ng3 Rxd3 57. Nf5+ Kf6 58. g7 Kf7 59. h6 1-0

[Event "4. Aberto Internacional Carlos I"]
[Site "Sanxenxo ESP"]
[Date "2012.06.26"]
[Round "4.6"]
[White "Carril Garcia, Luis"]
[Black "Barlov, Dragan"]
[Result "1/2-1/2"]
[WhiteElo "2094"]
[BlackElo "2450"]
[PlyCount "61"]
[EventDate "2012.06.23"]
[EventType "swiss"]
[EventRounds "9"]
[EventCountry "ESP"]
[SourceTitle "Ajedrez en Madrid"]
[Source "lmi"]
[SourceDate "2012.06.23"]

1. Nf3 Nf6 2. c4 g6 3. g3 Bg7 4. Bg2 O-O 5. O-O c6 6. d4 d6 7. Nc3 Bf5 8. Ne1
e5 9. d5 cxd5 10. cxd5 Qd7 11. e4 Bh3 12. Nd3 Bxg2 13. Kxg2 Na6 14. f3 Nc5 15.
Nxc5 dxc5 16. Be3 b6 17. Qb3 Ne8 18. a4 Nd6 19. Nb5 Nb7 20. Bd2 Rfb8 21. Rfc1
a6 22. Na3 Nd6 23. Nc4 Nxc4 24. Qxc4 Bf8 25. Bc3 Bd6 26. b3 b5 27. axb5 axb5
28. Qe2 Qb7 29. Qb2 f6 30. Rxa8 Rxa8 31. Ra1 1/2-1/2

[Event "4. Aberto Internacional Carlos I"]
[Site "Sanxenxo ESP"]
[Date "2012.06.26"]
[Round "4.7"]
[White "Santos Latasa, Jaime"]
[Black "Recuero Guerra, Javier"]
[Result "1-0"]
[WhiteElo "2396"]
[BlackElo "2243"]
[PlyCount "119"]
[EventDate "2012.06.23"]
[EventType "swiss"]
[EventRounds "9"]
[EventCountry "ESP"]
[SourceTitle "Ajedrez en Madrid"]
[Source "lmi"]
[SourceDate "2012.06.23"]

1. d4 d5 2. Nf3 Nf6 3. e3 c5 4. dxc5 Qa5+ 5. Nbd2 Qxc5 6. a3 g6 7. b4 Qc7 8.
Bb2 Bg7 9. c4 O-O 10. Rc1 Qd8 11. Qb3 dxc4 12. Bxc4 e6 13. O-O b6 14. Rfd1 Qe7
15. Ne5 Bb7 16. Be2 Nd5 17. Bf3 Nd7 18. Nc6 Bxc6 19. Rxc6 Bxb2 20. Qxb2 Qf6 21.
Qxf6 N7xf6 22. Nc4 Rac8 23. Ne5 Ne7 24. Rcd6 Kg7 25. g4 h6 26. h4 Rc7 27. Nd7
Rfc8 28. Nxf6 Kxf6 29. Rd7 g5 30. h5 a5 31. R7d6 axb4 32. axb4 Rb8 33. Rd7 Rc4
34. R1d4 Rxd4 35. exd4 Rc8 36. Rb7 Rd8 37. Rxb6 Rxd4 38. Rb8 Rd2 39. b5 Rb2 40.
b6 Nd5 41. b7 Ke5 42. Kf1 Kd6 43. Rd8+ Kc7 44. Rf8 Kxb7 45. Bxd5+ exd5 46.
Rxf7+ Kc6 47. Rf6+ Kc5 48. Rxh6 d4 49. Rh8 d3 50. Rd8 Kc4 51. h6 Rb7 52. f4 Rf7
53. Ke1 gxf4 54. g5 f3 55. g6 f2+ 56. Kf1 Rf6 57. g7 Rg6 58. h7 Rxg7 59. h8=Q
Rg1+ 60. Kxf2 1-0

[Event "4. Aberto Internacional Carlos I"]
[Site "Sanxenxo ESP"]
[Date "2012.06.26"]
[Round "4.8"]
[White "Espiñeira Gonzalez, Diego"]
[Black "Cubero Ferreiro, Rodrigo"]
[Result "1/2-1/2"]
[WhiteElo "2371"]
[BlackElo "2182"]
[PlyCount "106"]
[EventDate "2012.06.23"]
[EventType "swiss"]
[EventRounds "9"]
[EventCountry "ESP"]
[SourceTitle "Ajedrez en Madrid"]
[Source "lmi"]
[SourceDate "2012.06.23"]

1. e4 c5 2. Nf3 e6 3. d4 cxd4 4. Nxd4 a6 5. Nc3 Qc7 6. g3 Nf6 7. Bg2 Nc6 8. O-O
Nxd4 9. Qxd4 Bc5 10. Bf4 d6 11. Qd3 h6 12. Rad1 e5 13. Be3 Bg4 14. Bxc5 dxc5
15. Qd6 Qxd6 16. Rxd6 Rd8 17. Rxd8+ Kxd8 18. h3 Be6 19. f4 Kc7 20. Rd1 Rd8 21.
Rxd8 Kxd8 22. Kf2 Kc7 23. Ke3 Nd7 24. f5 Bc4 25. b3 Bb5 26. Bf3 Bc6 27. Bh5 f6
28. Be8 Kd8 29. Bf7 Kc7 30. g4 Kd6 31. h4 Ke7 32. Bd5 Bxd5 33. Nxd5+ Kd6 34. c4
b5 35. Kf3 Nb8 36. g5 hxg5 37. hxg5 fxg5 38. Kg4 Nd7 39. Kxg5 Nf8 40. a3 Kd7
41. Ne3 Nh7+ 42. Kg6 Nf6 43. Kxg7 Nxe4 44. cxb5 axb5 45. f6 Ng5 46. f7 c4 47.
bxc4 bxc4 48. Nxc4 e4 49. Ne5+ Kc7 50. Kf6 Nxf7 51. Kxf7 Kb6 52. Ke6 Ka5 53.
Kd5 Ka4 1/2-1/2

[Event "4. Aberto Internacional Carlos I"]
[Site "Sanxenxo ESP"]
[Date "2012.06.26"]
[Round "4.9"]
[White "Garcia Castro, Pablo"]
[Black "Gomez Segade, Pablo"]
[Result "1-0"]
[WhiteElo "2405"]
[BlackElo "2096"]
[PlyCount "64"]
[EventDate "2012.06.23"]
[EventType "swiss"]
[EventRounds "9"]
[EventCountry "ESP"]
[SourceTitle "Ajedrez en Madrid"]
[Source "lmi"]
[SourceDate "2012.06.23"]

1. e4 d5 2. exd5 Qxd5 3. Nf3 Nf6 4. Be2 Bf5 5. O-O e6 6. c4 Qa5 7. d4 c6 8. Bf4
Be7 9. Nc3 O-O 10. c5 h6 11. Qb3 b5 12. cxb6 Qxb6 13. Rfc1 Nbd7 14. h3 c5 15.
Qxb6 axb6 16. Bb5 Ra7 17. Re1 cxd4 18. Nxd4 Bc5 19. Nc6 Raa8 20. b4 e5 21. Bxe5
Nxe5 22. Rxe5 Ra3 23. bxc5 Rxc3 24. Rxf5 bxc5 25. a4 Ne4 26. Rf3 Ra8 27. Ne7+
Kf8 28. Ng6+ Kg8 29. Bc6 Ra6 30. Bxe4 Rxf3 31. Bxf3 fxg6 32. a5 Kf7 1-0

[Event "4. Aberto Internacional Carlos I"]
[Site "Sanxenxo ESP"]
[Date "2012.06.26"]
[Round "4.10"]
[White "Rey Malde, Henrique"]
[Black "Khamrakulov, Ibragim S"]
[Result "0-1"]
[WhiteElo "1900"]
[BlackElo "2517"]
[PlyCount "74"]
[EventDate "2012.06.23"]
[EventType "swiss"]
[EventRounds "9"]
[EventCountry "ESP"]
[SourceTitle "Ajedrez en Madrid"]
[Source "lmi"]
[SourceDate "2012.06.23"]

1. d4 Nf6 2. c4 e6 3. Nf3 b6 4. g3 Bb7 5. Bg2 d5 6. cxd5 Bb4+ 7. Bd2 Bxd2+ 8.
Nbxd2 Bxd5 9. O-O O-O 10. e3 Nbd7 11. b3 c5 12. Rc1 Qb8 13. Qe2 Qb7 14. dxc5
Nxc5 15. Rfd1 Rfd8 16. Ne1 Bxg2 17. Nxg2 Nd3 18. Rc3 Qd7 19. Rf1 e5 20. Nf3 h6
21. Nge1 e4 22. Nd4 Ne5 23. Kg2 h5 24. h3 Rac8 25. Rxc8 Rxc8 26. Kh2 g6 27. Ng2
Nh7 28. Nf4 Ng5 29. Rd1 Rd8 30. Rc1 Nd3 31. Nxd3 Qxh3+ 32. Kg1 exd3 33. Qf1 d2
34. Rd1 Rxd4 35. Qxh3 Nxh3+ 36. Kg2 Nxf2 37. Kxf2 Rd7 0-1

[Event "4. Aberto Internacional Carlos I"]
[Site "Sanxenxo ESP"]
[Date "2012.06.27"]
[Round "5.1"]
[White "Sanchez Aller, Fernando"]
[Black "Fernandez Garcia, Jose Luis"]
[Result "1/2-1/2"]
[WhiteElo "2298"]
[BlackElo "2419"]
[PlyCount "64"]
[EventDate "2012.06.23"]
[EventType "swiss"]
[EventRounds "9"]
[EventCountry "ESP"]
[SourceTitle "Ajedrez en Madrid"]
[Source "lmi"]
[SourceDate "2012.06.23"]

1. e4 e5 2. Nf3 Nc6 3. Bb5 a6 4. Ba4 Nf6 5. O-O Be7 6. Re1 b5 7. Bb3 d6 8. c3
O-O 9. d4 Bg4 10. d5 Na5 11. Bc2 c6 12. h3 Bc8 13. dxc6 Qc7 14. Nbd2 Qxc6 15.
Nf1 Nc4 16. Ng3 Re8 17. Nd2 Nxd2 18. Bxd2 Be6 19. Bg5 Rad8 20. Qf3 d5 21. Bxf6
Bxf6 22. Bb3 dxe4 23. Nxe4 Kh8 24. Qh5 g6 25. Qf3 Be7 26. Ng5 Qxf3 27. Nxf3 Bf6
28. Re2 Kg7 29. Rae1 Bd5 30. Bxd5 Rxd5 31. g4 h6 32. Kg2 Kf8 1/2-1/2

[Event "4. Aberto Internacional Carlos I"]
[Site "Sanxenxo ESP"]
[Date "2012.06.27"]
[Round "5.2"]
[White "Arribas Lopez, Angel"]
[Black "Paunovic, Dragan"]
[Result "1/2-1/2"]
[WhiteElo "2463"]
[BlackElo "2521"]
[PlyCount "104"]
[EventDate "2012.06.23"]
[EventType "swiss"]
[EventRounds "9"]
[EventCountry "ESP"]
[SourceTitle "Ajedrez en Madrid"]
[Source "lmi"]
[SourceDate "2012.06.23"]

1. d4 Nf6 2. Nf3 g6 3. c4 Bg7 4. Nc3 O-O 5. e4 d6 6. Be2 e5 7. O-O Nbd7 8. Be3
Re8 9. d5 Nh5 10. Re1 a5 11. Nd2 Nf4 12. Bf1 Nc5 13. Qc2 f5 14. a3 Rf8 15. b4
Nxe4 16. Ncxe4 fxe4 17. Nxe4 Bf5 18. f3 Kh8 19. Qd2 b6 20. g3 Nh5 21. c5 axb4
22. cxb6 cxb6 23. Qxb4 Nf6 24. Red1 Bxe4 25. fxe4 Qd7 26. a4 Rab8 27. h3 Nh5
28. Kg2 Qf7 29. Be2 Nf4+ 30. gxf4 exf4 31. Rf1 Bxa1 32. Bxf4 Qe7 33. Bxd6 Qg5+
34. Kh1 Rxf1+ 35. Bxf1 Rc8 36. Qxb6 Qf6 37. Qa6 Rc2 38. Qa8+ Kg7 39. Qa7+ Kh6
40. Qe3+ g5 41. Bd3 Bd4 42. e5 Rc1+ 43. Kg2 Qxd6 44. Qxd4 Qc5 45. Qxc5 Rxc5 46.
Kf3 Rxd5 47. Ke4 Ra5 48. Bb5 Kg6 49. Kd5 h5 50. Kd6 Ra7 51. Be8+ Kg7 52. Bxh5
Rxa4 1/2-1/2

[Event "4. Aberto Internacional Carlos I"]
[Site "Sanxenxo ESP"]
[Date "2012.06.27"]
[Round "5.3"]
[White "De La Villa Garcia, Jesus Maria"]
[Black "Santos Latasa, Jaime"]
[Result "1-0"]
[WhiteElo "2478"]
[BlackElo "2396"]
[PlyCount "37"]
[EventDate "2012.06.23"]
[EventType "swiss"]
[EventRounds "9"]
[EventCountry "ESP"]
[SourceTitle "Ajedrez en Madrid"]
[Source "lmi"]
[SourceDate "2012.06.23"]

1. e4 e5 2. Nf3 Nc6 3. Bb5 Nf6 4. O-O Nxe4 5. Re1 Nd6 6. Nxe5 Be7 7. Bd3 O-O 8.
Nc3 Nxe5 9. Rxe5 Bf6 10. Re3 c6 11. Bxh7+ Kxh7 12. Qh5+ Kg8 13. Rh3 Bh4 14.
Rxh4 f6 15. Qh7+ Kf7 16. Qh5+ Kg8 17. b3 Qe8 18. Ba3 Qe6 19. Ne4 1-0

[Event "4. Aberto Internacional Carlos I"]
[Site "Sanxenxo ESP"]
[Date "2012.06.27"]
[Round "5.4"]
[White "Khamrakulov, Ibragim S"]
[Black "Patiño Romaris, Juan Roberto"]
[Result "1-0"]
[WhiteElo "2517"]
[BlackElo "2185"]
[PlyCount "110"]
[EventDate "2012.06.23"]
[EventType "swiss"]
[EventRounds "9"]
[EventCountry "ESP"]
[SourceTitle "Ajedrez en Madrid"]
[Source "lmi"]
[SourceDate "2012.06.23"]

1. e4 e6 2. d4 d5 3. Nd2 Be7 4. Ngf3 Nf6 5. exd5 exd5 6. Bd3 O-O 7. O-O Bg4 8.
Re1 c5 9. dxc5 Bxc5 10. Nb3 Bb6 11. a4 Nc6 12. Bg5 a6 13. c3 Qd6 14. Bh4 Rfe8
15. Bg3 Qd7 16. Qc2 Bxf3 17. gxf3 g6 18. Qd2 Qh3 19. Qg5 Kg7 20. Bf1 Qh5 21.
Qf4 Qh6 22. Qxh6+ Kxh6 23. a5 Ba7 24. Bh3 Kg7 25. Kf1 Rad8 26. Bc7 Ra8 27. Rad1
Rxe1+ 28. Rxe1 Bb8 29. Bg3 Bxg3 30. fxg3 Kf8 31. Ra1 Ne5 32. Nd4 Ke7 33. f4 Nc4
34. Ra4 Kd8 35. Nf3 Kc7 36. b3 Nd6 37. Rd4 Nb5 38. Rd3 Re8 39. Ne5 Re7 40. Bg2
Ne4 41. c4 dxc4 42. Nxc4 Nbd6 43. Nb6 Re8 44. Rd1 f5 45. Rc1+ Kd8 46. Rc2 Re6
47. Bf3 Re8 48. Kg2 Re7 49. Nd5 Rd7 50. h3 Rf7 51. g4 h6 52. Rc1 Rd7 53. Ne3
fxg4 54. hxg4 Rc7 55. Rd1 Ke8 1-0

[Event "4. Aberto Internacional Carlos I"]
[Site "Sanxenxo ESP"]
[Date "2012.06.27"]
[Round "5.5"]
[White "Cubero Ferreiro, Rodrigo"]
[Black "Lariño Nieto, David"]
[Result "0-1"]
[WhiteElo "2182"]
[BlackElo "2469"]
[PlyCount "83"]
[EventDate "2012.06.23"]
[EventType "swiss"]
[EventRounds "9"]
[EventCountry "ESP"]
[SourceTitle "Ajedrez en Madrid"]
[Source "lmi"]
[SourceDate "2012.06.23"]

1. d4 Nf6 2. c4 e6 3. Nc3 Bb4 4. Qc2 c5 5. dxc5 Na6 6. a3 Bxc3+ 7. Qxc3 Nxc5 8.
f3 Na4 9. Qc2 b5 10. e4 Bb7 11. cxb5 Nb6 12. Bd3 d5 13. exd5 O-O 14. Nh3 Rc8
15. Qe2 Qxd5 16. O-O Nc4 17. a4 a6 18. bxa6 Bxa6 19. Kh1 Rfd8 20. Nf2 Qa5 21.
Rd1 Nd5 22. Qe4 g6 23. Bh6 Qb6 24. Qe2 Rc6 25. Rab1 Rdc8 26. Ne4 Qb3 27. Bc2
Qb8 28. Bd3 f5 29. Nc3 Nb4 30. Bxc4 Bxc4 31. Qe3 Qb7 32. Rd2 Nd5 33. Nxd5 Bxd5
34. h4 Rc4 35. Bg5 Rxa4 36. Rbd1 h6 37. Bf6 Qf7 38. Qe5 Rf8 39. b3 Raa8 40. h5
Qxf6 41. Rxd5 exd5 42. Qxd5+ 0-1

[Event "4. Aberto Internacional Carlos I"]
[Site "Sanxenxo ESP"]
[Date "2012.06.27"]
[Round "5.6"]
[White "Recuero Guerra, David"]
[Black "Cardenas Serrano, Sergio"]
[Result "1-0"]
[WhiteElo "2467"]
[BlackElo "2124"]
[PlyCount "81"]
[EventDate "2012.06.23"]
[EventType "swiss"]
[EventRounds "9"]
[EventCountry "ESP"]
[SourceTitle "Ajedrez en Madrid"]
[Source "lmi"]
[SourceDate "2012.06.23"]

1. d4 Nf6 2. c4 g6 3. f3 c5 4. d5 e6 5. Nc3 exd5 6. cxd5 d6 7. e4 Bg7 8. Bd3
O-O 9. Nge2 b6 10. Ng3 a6 11. a4 Nbd7 12. O-O Re8 13. Be3 Bb7 14. Be2 h5 15.
Nh1 Qc7 16. Rc1 Re5 17. Bf4 Re7 18. Nf2 Rae8 19. Re1 Ne5 20. Bg5 Ned7 21. Qd2
Nf8 22. Bf1 N8h7 23. Bh4 Rd7 24. Bc4 Qb8 25. Re2 Bc8 26. Rce1 Ra7 27. Bg3 Nd7
28. f4 Bh6 29. Qc2 h4 30. Ng4 hxg3 31. Nxh6+ Kg7 32. Ng4 gxh2+ 33. Nxh2 Nhf6
34. Qd2 Nf8 35. e5 Ng4 36. exd6 Rxe2 37. Qxe2 Nxh2 38. Kxh2 Qxd6 39. Qe5+ Qf6
40. Qxf6+ Kxf6 41. Re8 1-0

[Event "4. Aberto Internacional Carlos I"]
[Site "Sanxenxo ESP"]
[Date "2012.06.27"]
[Round "5.7"]
[White "Barlov, Dragan"]
[Black "Andias, Joao Pedro Menezes"]
[Result "1-0"]
[WhiteElo "2450"]
[BlackElo "1974"]
[PlyCount "76"]
[EventDate "2012.06.23"]
[EventType "swiss"]
[EventRounds "9"]
[EventCountry "ESP"]
[SourceTitle "Ajedrez en Madrid"]
[Source "lmi"]
[SourceDate "2012.06.23"]

1. e4 c5 2. Nf3 e6 3. c3 Nf6 4. e5 Nd5 5. d4 cxd4 6. cxd4 b6 7. Nc3 Nxc3 8.
bxc3 d5 9. Bb5+ Bd7 10. Bd3 Be7 11. O-O Nc6 12. Nd2 Na5 13. Nb3 Nc4 14. Qg4 g6
15. Bh6 Qc7 16. Qf3 Rc8 17. Rac1 Qd8 18. Qh3 Bf8 19. Rfe1 Bc6 20. Bxc4 dxc4 21.
Nd2 Bd5 22. Nf1 Qe7 23. Ne3 Rd8 24. Rb1 Bxh6 25. Qxh6 Qf8 26. Qf4 h5 27. Nxd5
Rxd5 28. Rb4 g5 29. Qe3 b5 30. a4 Qe7 31. Reb1 a6 32. axb5 axb5 33. Rxb5 Rxb5
34. Rxb5 O-O 35. h3 Ra8 36. Rb4 g4 37. Rxc4 gxh3 38. Qxh3 Kf8 1-0

[Event "4. Aberto Internacional Carlos I"]
[Site "Sanxenxo ESP"]
[Date "2012.06.27"]
[Round "5.8"]
[White "Pinho, Paulo"]
[Black "Garcia Castro, Pablo"]
[Result "1-0"]
[WhiteElo "2145"]
[BlackElo "2405"]
[PlyCount "51"]
[EventDate "2012.06.23"]
[EventType "swiss"]
[EventRounds "9"]
[EventCountry "ESP"]
[SourceTitle "Ajedrez en Madrid"]
[Source "lmi"]
[SourceDate "2012.06.23"]

1. d4 Nf6 2. c4 g6 3. Nc3 Bg7 4. e4 d6 5. Nf3 O-O 6. Be2 Nc6 7. O-O Bg4 8. Be3
Re8 9. Re1 a6 10. Rc1 e5 11. d5 Bxf3 12. Bxf3 Nd4 13. g3 Rb8 14. b3 c6 15. dxc6
bxc6 16. c5 dxc5 17. Na4 Qa5 18. Bg2 Red8 19. Rxc5 Nf3+ 20. Bxf3 Rxd1 21. Rxd1
Qc7 22. Rdc1 Rc8 23. R5c4 Qd6 24. Nb6 Rc7 25. Nd5 Rc8 26. Rxc6 1-0